[Event "Moscow Aeroflot op-A"]
[Site "Moscow"]
[Date "2025.03.03"]
[Round "5"]
[White "Sek, Konstantin"]
[Black "Shuvalova, Polina"]
[Result "0-1"]
[WhiteElo "2373"]
[BlackElo "2508"]
[PlyCount "128"]
[EventDate "2025.03.01"]
[EventType "swiss"]
[EventRounds "9"]
[EventCountry "RUS"]
[SourceTitle "CB11_2025"]
[SourceDate "2025.03.12"]
[SourceVersion "1"]
[SourceVersionDate "2025.03.12"]
[SourceQuality "1"]

1. e4 c5 2. Nf3 d6 3. Bb5+ Nd7 4. a4 Ngf6 5. Nc3 a6 6. Be2 b6 7. d4 cxd4 8. Qxd4 e6 9. 0-0 Bb7 10. Rd1 Qc7 11. Nd2 Ne5 12. Nc4 Nxc4 13. Bxc4 Be7 14. Be3 0-0 15. Be2 Nd7 16. f3 Rfd8 17. Bf2 Rac8 18. Rd2 Nc5 19. h4 Bf6 20. Qb4 a5 21. Qa3 d5 22. exd5 exd5 23. Rad1 Qf4 24. Nxd5 Bxd5 25. Rxd5 Rxd5 26. Rxd5 Bxh4 27. Bxh4 Qxh4 28. Qc3 Qxa4 29. Rd6 Qe8 30. Qd2 Rb8 31. Bc4 Qe7 32. Qf4 Rf8 33. Rc6 g6 34. Rc7 Qe1+ 35. Kh2 Ne6 36. Bxe6 Qxe6 37. Rb7 Rd8 38. c3 Rd5 39. Qe4 Qxe4 40. fxe4 Rb5 41. c4 Rxb2 42. c5 Rb4 43. cxb6 Rxe4 44. Kg3 Rb4 45. Kf3 a4 46. g4 h6 47. Ra7 Rxb6 48. Rxa4 Rb5 49. Ra6 Kg7 50. Ra7 h5 51. gxh5 Rxh5 52. Kg4 Re5 53. Rb7 Kf6 54. Rb4 g5 55. Kh5 Kf5 56. Rc4 Re4 57. Rc5+ Kf4 58. Rxg5 Re5 59. Rxe5 Kxe5 60. Kg4 f6 61. Kg3 Ke4 62. Kg2 Ke3 63. Kg1 f5 64. Kf1 f4 0-1

[Event "Titled Tuesday intern op 25th Feb Early"]
[Site "Chess.com INT"]
[Date "2025.02.25"]
[Round "5"]
[White "Cattaneo, Marco"]
[Black "Shuvalova, Polina"]
[Result "0-1"]
[WhiteElo "2288"]
[BlackElo "2508"]
[PlyCount "44"]
[EventDate "2025.02.25"]
[EventType "swiss (blitz)"]
[EventRounds "11"]
[EventCountry "USA"]
[SourceTitle "CB10_2025"]
[SourceDate "2025.03.05"]
[SourceVersion "1"]
[SourceVersionDate "2025.03.05"]
[SourceQuality "1"]

1. e4 c5 2. d3 Nc6 3. g3 g6 4. Bg2 Bg7 5. f4 d6 6. Nf3 Nf6 7. 0-0 0-0 8. Nc3 Rb8 9. h3 b5 10. g4 e6 11. Ne2 Nd7 12. Kh1 b4 13. a4 bxa3 14. Rxa3 Bxb2 15. Bxb2 Rxb2 16. f5 exf5 17. exf5 Rb8 18. Qd2 Qe7 19. Qh6 Qxe2 20. Ng5 Nf6 21. fxg6 fxg6 22. Rxf6 Rb1+ 0-1

[Event "Titled Tuesday intern op 25th Feb Early"]
[Site "Chess.com INT"]
[Date "2025.02.25"]
[Round "8"]
[White "Le, Tuan Minh"]
[Black "Shuvalova, Polina"]
[Result "1-0"]
[WhiteElo "2598"]
[BlackElo "2508"]
[PlyCount "59"]
[EventDate "2025.02.25"]
[EventType "swiss (blitz)"]
[EventRounds "11"]
[EventCountry "USA"]
[SourceTitle "CB10_2025"]
[SourceDate "2025.03.05"]
[SourceVersion "1"]
[SourceVersionDate "2025.03.05"]
[SourceQuality "1"]

1. d4 Nf6 2. Nf3 d5 3. Bg5 e6 4. Nbd2 Be7 5. c3 0-0 6. e3 b6 7. Bd3 Ba6 8. Bxa6 Nxa6 9. 0-0 c5 10. Ne5 Qc7 11. f4 Nb8 12. Rf3 Ne8 13. Rh3 g6 14. Qg4 h5 15. Qh4 Bxg5 16. fxg5 Ng7 17. g4 Nc6 18. Ndf3 Nxe5 19. Nxe5 b5 20. Rf1 b4 21. Rhf3 bxc3 22. bxc3 cxd4 23. exd4 Rab8 24. Nxf7 Kh7 25. gxh5 Nxh5 26. Qg4 Qe7 27. Ne5 Rxf3 28. Rxf3 Rb1+ 29. Kg2 Rc1 30. Rf7+ 1-0

[Event "Titled Tuesday intern op 11th Feb Early"]
[Site "Chess.com INT"]
[Date "2025.02.11"]
[Round "11"]
[White "Hrbek, Stepan"]
[Black "Shuvalova, Polina"]
[Result "0-1"]
[WhiteElo "2410"]
[BlackElo "2508"]
[PlyCount "92"]
[EventDate "2025.02.11"]
[EventType "swiss (blitz)"]
[EventRounds "11"]
[EventCountry "USA"]
[SourceTitle "CB09_2025"]
[SourceDate "2025.02.27"]
[SourceVersion "1"]
[SourceVersionDate "2025.02.27"]
[SourceQuality "1"]

1. Nf3 d5 2. g3 Nf6 3. Bg2 e6 4. 0-0 Be7 5. c4 0-0 6. b3 b6 7. Bb2 Bb7 8. cxd5 Nxd5 9. d4 c5 10. dxc5 Bxc5 11. a3 Nd7 12. b4 Be7 13. Nbd2 Rc8 14. Qb3 Bf6 15. Rac1 Qe7 16. e3 h6 17. Nd4 Ne5 18. Ne4 Nd7 19. Nxf6+ N7xf6 20. b5 Rc5 21. a4 Rfc8 22. Ba3 e5 23. Nc6 Bxc6 24. Bxc5 bxc5 25. bxc6 e4 26. Rfd1 Nb4 27. Qc4 Rxc6 28. Rd2 a5 29. Rcd1 Rc7 30. Rd8+ Kh7 31. Ra8 Nd3 32. Bxe4+ Nxe4 33. Rxd3 Rb7 34. Rdd8 Rb4 35. Qc2 f5 36. Qe2 Qf7 37. Qa6 Nf6 38. Qd3 Kg6 39. h3 Qb7 40. e4 Nxe4 41. g4 Rb1+ 42. Kh2 Qc7+ 43. Kg2 Qf4 44. gxf5+ Kg5 45. Qf3 Rg1+ 46. Kxg1 Qxf3 0-1

[Event "Titled Tuesday intern op 11th Feb Early"]
[Site "Chess.com INT"]
[Date "2025.02.11"]
[Round "9"]
[White "Sharapov, Evgeny"]
[Black "Shuvalova, Polina"]
[Result "1/2-1/2"]
[WhiteElo "2375"]
[BlackElo "2508"]
[PlyCount "115"]
[EventDate "2025.02.11"]
[EventType "swiss (blitz)"]
[EventRounds "11"]
[EventCountry "USA"]
[SourceTitle "CB09_2025"]
[SourceDate "2025.02.27"]
[SourceVersion "1"]
[SourceVersionDate "2025.02.27"]
[SourceQuality "1"]

1. e4 c6 2. d4 d5 3. e5 Bf5 4. c4 e6 5. Nc3 Ne7 6. Be3 Nd7 7. c5 b6 8. b4 a5 9. a3 f6 10. f4 Bg6 11. Nf3 Nf5 12. Bf2 fxe5 13. fxe5 axb4 14. axb4 bxc5 15. bxc5 Be7 16. Be2 0-0 17. 0-0 Qc7 18. Qd2 Rfb8 19. Rxa8 Rxa8 20. Qb2 Rb8 21. Qa2 h5 22. Rb1 h4 23. Rxb8+ Qxb8 24. h3 Qb4 25. Qd2 Nf8 26. Kh2 Qb3 27. Bd1 Qa3 28. Ba4 Bh5 29. Bxc6 Bxf3 30. gxf3 Bd8 31. Nxd5 exd5 32. Bxd5+ Kh8 33. Be4 Ng3 34. Bxg3 hxg3+ 35. Kxg3 Ne6 36. d5 Bg5 37. Qd3 Qa1 38. Kh2 Qxe5+ 39. Kh1 Nxc5 40. Qc2 Nxe4 41. Qxe4 Qxe4 42. fxe4 Bf4 43. Kg2 Kh7 44. Kf3 Be5 45. Kg4 Kg6 46. h4 Bb8 47. h5+ Kh6 48. Kf5 Kxh5 49. e5 g5 50. e6 Bd6 51. Kf6 g4 52. e7 Bxe7+ 53. Kxe7 g3 54. d6 g2 55. d7 g1Q 56. d8Q Qg5+ 57. Kd7 Qxd8+ 58. Kxd8 1/2-1/2